00341 2200157 4500001002100000005001500021035002000036245003000056100001400086250000600100300001200106260003100118082000800149084001400157990001200171INLIS00000000000229620250528083915 a0010-05250005881 aFisika Utama /cSupiyanto0 aSupiyanto a1 a226 hlm aJakarta :bErlangga,c2004 a530 a530 SUP f a0612049